00504nam a2200145Ia 4500003000900000008004100009020002600050040001600076100002500092245005300117260003200170300002000202490003300222856010300255IN-BaIIA211028s9999 xx s 000 0 eng d a9780819409096 (Print) cIIA Library aHoover, Richard, ed. 0aX-Ray Detector Physics and Applicationsh[eBook] aWashington, USAbSPIEc1993 aOnline resource aProceedings of SPIE; V. 1736 uhttps://www.spiedigitallibrary.org/conference-proceedings-of-spie/1736yClick Here to Access eBook